00477nam a22001337a 4500008004100000082002000041245007100061260007100132300000800203440000600211942001200217999001500229952009900244230626b xxu||||| |||| 00| 0 eng d a328.3bKEN 2005 aParliamentary NotebA Human Rights Brief for Members of Parliament aKenyabKenya Section of the International Commission Juristsc2005 a16p v4 2ddccBK c2617d2617 00102ddc4070a002b002d2023-06-26l0o328.3 KEN 2005p10013975r2023-06-26w2023-06-26yBK